000 00647nam a22002177a 4500
003 LK-CoDNM
005 20241107093651.0
008 241015b |||||||| |||| 00| 0 eng d
040 _aLK-CoDNM
_dLK-CoDNM
_eLK-CoDNM
041 _asin
080 _aප්‍ර.ස
_b146
245 _aසුදන මිණ-1928
_b1 කාණ්ඩය 6 කලාපය
260 _aගල්කිස්ස
_c1928
300 _b16p. ; 26 cm
650 _aසුදන මිණ-1928
650 _a1 කාණ්ඩය 6 කලාපය
650 _aමාසික සගරාව
650 _aප්‍ර.ස 146
650 _a1928
942 _cBK
999 _c227986
_d227986